00577 2200217 4500001002100000005001500021035002000036007000300056008004100059020001800100082001000118084001600128100002000144245004900164250001100213260004000224300003400264650001500298504003100313990001500344INLIS00000000000155920180214090906 a0010-0218000154ta180214 g 0 ind  a979-222-132-8 a302.2 a302.2 TOM p0 aTOMMY, Suprapto1 aPengantar Teori Komunikasi /cTommy Suprapto acet. 1 aYogyakarta :bMedia Presindo,c2006 aviii; 128 hlm ;c15.5 x 23 cm aKOMUNIKASI aBibliografi; hlm 124 - 126 a9951 15417